| 000 | 00452cam a22001457a 4500 | ||
|---|---|---|---|
| 008 | 180718b1961 xxu||||| |||| 00| 0 eng d | ||
| 082 | _aA6x5408 M778 c.2 | ||
| 100 | _aMoon, Penderel | ||
| 245 |
_aDivide and quit. _cby Penderel Moon |
||
| 260 |
_aLondon _bChatto & Windus _c1961 |
||
| 300 | _a302p | ||
| 650 | _aBahawalpur, Pakistan (State) -Social conditions. | ||
| 650 | _aIndia -Politics and government -1919-1947 | ||
| 650 | _aRefugees, East Indian | ||
| 999 |
_c412367 _d412367 |
||